000 01246nam a2200349 a 4500
001 dia_2360
003 CHAP
005 20240221130227.0
007 ta
008 220117s2001 mx bd fr 001 0 spa d
040 _cCHAP
_amxchpua
090 _aT.C.320
_bH47 SAI
_c2001
245 1 0 _aSistemas agroindustriales maíz en Jalisco /
_ccoordinador Arturo Hernández Montes ; colaboradores César Antonio Lázaro Chávez...[et al.]
260 _aMéxico :
_bEl autor,
_c2001
300 _a54 hojas :
_bmapas, gráficas, diagramas, tablas
336 _2rdacontent
_atexto
_btxt
337 _2rdamedia
_asin media
_bn
338 _2rdacarrier
_avolumen
_bnc
500 _aGrado 6° Grupo 2
502 _aViaje de Estudios
_b(SAI) --
_cUACh. Departamento de Ingeniería Agroindustrial,
_d2001
504 _aBibliografía: hoja 54
650 1 3 _aMaíz
_9152678
_zMéxico
_zJalisco
_x
650 1 3 _aCorn
_9152677
_zMexico
_zJalisco
700 1 _aHernández Montes, Arturo
_9148849
_ecoordinador
700 1 _aLázaro Chávez, César Antonio
_9152680
_ecolaborador
901 _aT.C.320 H47 SAI 2001
902 _aM
905 _a5232272001 mx NM 8223123322SPA16
942 _2local
942 _cVE
999 _c172882
_d172882